000 00226 a2200085 4500
020 _a 9780500273807
100 _a George Savage and Harold Newman
245 _aIllustrated Dictionary Of Ceramics
260 _bThames and Hudson
_c2000
999 _c13241
_d13241